000 00670nam a2200253Ia 4500
003 GCL
008 140319s9999 xx 000 0 eng d
040 _aGCL /
_cGCL
082 0 4 _aCC
_b398.096
_bE B
100 1 _aEARLY, EVELYN A.
245 1 0 _aBALADI WOMEN OF CAIRO : PLAYING WITH AN EGG AND A STONE /
_cEARLY, EVELYN A.
260 _a[S.N] :
_bTHE AMERICAN UNIVERSITY IN CAIRO PRESS ،
_c1993
300 _a216 P
650 0 4 _aCAIRO
650 0 4 _aLIFE, SOCIETY
650 0 4 _aWOMEN
650 0 4 _aQUARTERS
650 0 4 _aHOMES
650 0 4 _aISLAMIC RITUAL
650 0 4 _aSOCIAL MEDICINE
650 0 4 _aSAINTS' DAYS
650 0 4 _aFOLKLORE
942 _2ddc
_cBK
999 _c11648
_d11648